Miftāḥ al-iʻrāb, (Record no. 46991)

MARC details
000 -LEADER
fixed length control field 00648cam a22002051 4500
001 - CONTROL NUMBER
control field ne 64001150
003 - CONTROL NUMBER IDENTIFIER
control field DLC
005 - DATE AND TIME OF LATEST TRANSACTION
control field 20260227111759.0
008 - FIXED-LENGTH DATA ELEMENTS--GENERAL INFORMATION
fixed length control field 900723s1963 ua 000 0 ararc
010 ## - LIBRARY OF CONGRESS CONTROL NUMBER
LC control number ne 64001150
025 ## - OVERSEAS ACQUISITION NUMBER
Overseas acquisition number PL480:UAR-4045
035 ## - SYSTEM CONTROL NUMBER
System control number (OCoLC)22123529
040 ## - CATALOGING SOURCE
Original cataloging agency Princeton Univ. Libr.
Transcribing agency WaU
Modifying agency DLC
050 00 - LIBRARY OF CONGRESS CALL NUMBER
Classification number PJ6111
Item number .M8 1963
100 1# - MAIN ENTRY--PERSONAL NAME
Personal name Murjān, Muḥammad Aḥmad.
245 10 - TITLE STATEMENT
Title Miftāḥ al-iʻrāb,
Statement of responsibility, etc. taʼlīf Muḥammad Aḥmad Murjān.
250 ## - EDITION STATEMENT
Edition statement al-Ṭabʻah al-rābiʻah, mazīdah muhadhdhabah.
260 ## - PUBLICATION, DISTRIBUTION, ETC.
Place of publication, distribution, etc. [al-Qāhirah]
Name of publisher, distributor, etc. Muḥammad ʻAlī Ṣubayḥ,
Date of publication, distribution, etc. 1963.
650 #0 - SUBJECT ADDED ENTRY--TOPICAL TERM
Topical term or geographic name entry element Arabic language
General subdivision Grammar.

No items available.

Powered by Koha